การขอปล่อยชั่วคราวต่อศาล / (ระเบียนเลขที่ 101848)
| 000 -LEADER | |
|---|---|
| fixed length control field | 06139nam a22002777a 4500 |
| 003 - CONTROL NUMBER IDENTIFIER | |
| control field | NALT |
| 005 - DATE AND TIME OF LATEST TRANSACTION | |
| control field | 20251025170436.0 |
| 008 - FIXED-LENGTH DATA ELEMENTS--GENERAL INFORMATION | |
| fixed length control field | 250227b th ||||| |||| 00| 0 tha d |
| 020 ## - INTERNATIONAL STANDARD BOOK NUMBER | |
| International Standard Book Number | 9786167273402 |
| 040 ## - CATALOGING SOURCE | |
| Original cataloging agency | NALT |
| 041 0# - LANGUAGE CODE | |
| Language code of text/sound track or separate title | thaeng |
| 090 ## - LOCALLY ASSIGNED LC-TYPE CALL NUMBER (OCLC); LOCAL CALL NUMBER (RLIN) | |
| Classification number (OCLC) (R) ; Classification number, CALL (RLIN) (NR) | KT 43 |
| Local cutter number (OCLC) ; Book number/undivided call number, CALL (RLIN) | ศ365ก 2555 |
| 110 2# - MAIN ENTRY--CORPORATE NAME | |
| Corporate name or jurisdiction name as entry element | สำนักงานศาลยุติธรรม |
| 9 (RLIN) | 15140 |
| 245 10 - TITLE STATEMENT | |
| Title | การขอปล่อยชั่วคราวต่อศาล / |
| Statement of responsibility, etc. | กองการต่างประเทศ สำนักงานศาลยุติธรรม ; บรรณาธิการ คมวัชร เอี้ยงอ่อง. |
| 246 31 - VARYING FORM OF TITLE | |
| Title proper/short title | Application for provisional release to the court. |
| 260 3# - PUBLICATION, DISTRIBUTION, ETC. | |
| Place of publication, distribution, etc. | กรุงเทพฯ : |
| Name of publisher, distributor, etc. | กองการต่างประเทศ สำนักงานศาลยุติธรรม, |
| Date of publication, distribution, etc. | 2555. |
| 300 ## - PHYSICAL DESCRIPTION | |
| Extent | 21, 21 หน้า ; |
| Dimensions | 21 ซม. |
| 500 ## - GENERAL NOTE | |
| General note | เนื้อหาเป็นภาษาไทยและภาษาอังกฤษ. |
| 505 0# - FORMATTED CONTENTS NOTE | |
| Formatted contents note | การขอปล่อยชั่วคราวต่อศาล (การขอประกันตัว) : 1. การขอปล่อยชั่วคราวต่อศาลคืออะไร? -- 2. การขอปล่อยชั่วคราวเป็นเรื่องยุ่งยากหรือไม่? -- 3. การขอปล่อยชั่วคราวทำได้ในชั้นใดบ้าง? -- 4. ใครบ้างมีสิทธิยื่นคำร้องขอประกันตัว? -- 5. การขอปล่อยชั่วคราวจะต้องเตรียมเอกสารอะไรบ้าง? -- 6. หลักประกันใดบ้างที่สามารถใช้ประกันตัวผู้ต้องหาหรือจำเลยได้? -- 7. การนำหลักประกันมาใช้ในการขอประกันตัวจะต้องทำอย่างไร? -- 8. การมอบอำนาจให้บุคคลอื่นมาขอปล่อยชั่วคราวต้องทำอย่างไร? -- 9. การขอปล่อยชั่วคราวโดยใช้หนังสือรับรองของบริษัทประกันภัยคืออะไร? -- 10. กรณีเคยขอปล่อยชั่วคราวไว้แล้ว หากต้องการขอปล่อยชั่วคราวต่อไปจะใช้หลักทรัพย์เดิมได้หรือไม่? -- 11. จะยื่นขอปล่อยชั่วคราวต่อศาลได้เมื่อใด? -- 12. อยากทราบว่าคดีที่จะขอประกันต้องใช้วงเงินประกันเท่าไร? -- 13. วิธีปฏิบ้ติในการขอปล่อยชั่วคราวต้องทำอย่างไร? -- 14. จะยื่นคำร้องขอประกันตัวได้ที่ไหน? -- 15. ศาลใช้หลักเกณฑ์อะไรในการวินิจฉัยสั่งคำร้องขอประกันตัว? -- 16. ศาลจะสั่งไม่อนุญาตให้ปล่อยชั่วคราวเพราะเหตุใดบ้าง? -- 17. การอนุญาตให้ปล่อยชั่วคราวมีกี่ประเภท? -- 18. มีกรณีที่ศาลจะสั่งอนุญาตให้ปล่อยชั่วคราวผู้ต้องหาหรือจำเลยโดยไม่มีผู้ขอประกันได้หรือไม่? -- 19. เมื่อศาลชั้นต้นมีคำสั่งไม่อนุญาตให้ปล่อยชั่วคราว ผู้ขอประกันจะดำเนินการอย่างไร? -- 20. การขอปล่อยชั่วคราวในระหว่างการพิจารณาของศาลอุทธรณ์หรือศาลอุทธรณ์ภาค -- 21. การขอปล่อยชั่วคราวในระหว่างการพิจารณาของศาลฎีกาทำอย่างไร? -- 22. หน้าที่ของผู้ขอประกันมีอย่างใดบ้าง? -- 23. หากผู้ต้องหาหรือจำเลยหลบหนีหรือจะหลบหนี ผู้ขอประกันจะทำอย่างไร? -- 24. หากไม่สามารถส่งตัวผู้ต้องหาหรือจำเลยมีผลอย่างไร? -- 25. การอุทธรณ์คำสั่งปรับผู้ถูกบังคับตามสัญญาประกันทำได้อย่างไร? -- 26. การถอนประกันต่อศาลต้องทำอย่างไร? -- 27. นอกจากคำร้องขอประกันตัวแล้ว ผู้ขอประกันสามารถยื่นคำร้องอื่น ๆ เกี่ยวกับการขอปล่อยชั่วคราวได้อีกหรือไม่? -- 28. การขอรับหลักทรัพย์หรือเงินสดคืนจากศาลต้องปฏิบัติอย่างไร?. |
| 650 #4 - SUBJECT ADDED ENTRY--TOPICAL TERM | |
| Topical term or geographic name entry element | การปล่อยชั่วคราว |
| 9 (RLIN) | 37671 |
| 650 #4 - SUBJECT ADDED ENTRY--TOPICAL TERM | |
| Topical term or geographic name entry element | ประกันตัว |
| 9 (RLIN) | 51563 |
| 650 #4 - SUBJECT ADDED ENTRY--TOPICAL TERM | |
| Topical term or geographic name entry element | สิทธิผู้ต้องหา |
| General subdivision | แง่กฎหมาย |
| 9 (RLIN) | 64726 |
| 850 ## - HOLDING INSTITUTION | |
| Holding institution | NALT |
| 942 ## - ADDED ENTRY ELEMENTS (KOHA) | |
| Koha item type | Law Book |
| Source of classification or shelving scheme | Local Classification |
| 996 ## - STAFF PROCESSING RECORDS (NALT) | |
| Staff name | kornsiririn.r |
| Staff type | CATSTF |
| Acquisition or Cataloging date | 2023-04-20 |
| 998 ## - STAFF NAME (NALT) | |
| -- | 3099 |
| -- | พรวิทู โค้วคชาภรณ์ |
| Withdrawn status | Lost status | Source of classification or shelving scheme | Damaged status | Not for loan | Collection code | Home library | Current library | Shelving location | Date acquired | Total Checkouts | Full call number | Barcode | Date last seen | Price effective from | Koha item type |
|---|---|---|---|---|---|---|---|---|---|---|---|---|---|---|---|
| Local Classification | Senate | National Assembly Library of Thailand | National Assembly Library of Thailand | Law Book shelves | 27/02/2025 | KT 43 ศ365ก 2555 | 0100009090001 | 27/02/2025 | 27/02/2025 | Law Book |
